00626cam a22002051 45000010005000000030008000050050017000130080040000300350018000700350019000880400038001070410008001450820024001531000025001772450096002022600050002983000032003485000020003806500020004001895BD-RjUL20211208233433.0750409r19591951xx 001 0 engs a(BD-RjUL)1922 a(OCoLC)1262883 aDLCcTxShAdUkdDLCdBD-RjULbeng aeng a330.1221bWIM 1959 aWilliams, John Henry00aMoney, trade, and economic growth :bin honor of John Henry Williams /cJohn Henry Williams aNew York :bMacmillan,cc1951 [Printed 1959]. axi, 343 p. :bill ;c23 cm. aIncludes index. 0aEconomic policy